Andrej Radlinský, zakladateľ Spolku sv. Vojtecha, 1817 - 1879

Zobrazenie: Podobizeň slovenského rímskokatolíckého kňaza, jazykovedeca, pedagóga, redaktora, fyzika, vydavateľa, náboženského spisovateľa, zakladateľa Spolku svätého Vojtecha, spoluzakladateľa Matice slovenskej Andreja Ľudovíta Radlinského (* 8. 7. 1817, Dolný Kubín - † 26. 4. 1879, Kúty)...

Full description

Bibliographic Details
Format: Photo
Language:Slovak
Published: Turčiansky Sv. Martin Matica slovenská [1941]
Subjects:

MARC

LEADER 00000nkm a2200000 4500
001 vtls011749517
003 SK-MaSNL
005 20260301095421.0
007 kf ao
008 200701s1941 xo g 00 k|slo
015 |a SNBG1941 
040 |a SNK  |b slo  |c SNK  |e rda 
041 0 |a slo 
044 |a xo  |c SK 
072 7 |a 929  |x Biografie  |2 konspekt 
072 7 |a 7.01/.09  |x Umenie  |2 konspekt 
080 |a 929-058.1  |2 2011 
080 |a 7.026(0.035)  |2 2011 
080 |a (084.121)  |2 2011 
245 0 0 |a Andrej Radlinský, zakladateľ Spolku sv. Vojtecha, 1817 - 1879 
264 1 |a Turčiansky Sv. Martin  |b Matica slovenská  |c [1941] 
300 |a 1 pohľadnica  |b tónovaná do hneda  |c 15 x 11 cm 
336 |a statický obraz  |b sti  |2 rdacontent 
337 |a bez média  |b n  |2 rdamedia 
338 |a karta  |b no  |2 rdacarrier 
520 8 |a Zobrazenie: Podobizeň slovenského rímskokatolíckého kňaza, jazykovedeca, pedagóga, redaktora, fyzika, vydavateľa, náboženského spisovateľa, zakladateľa Spolku svätého Vojtecha, spoluzakladateľa Matice slovenskej Andreja Ľudovíta Radlinského (* 8. 7. 1817, Dolný Kubín - † 26. 4. 1879, Kúty) 
600 1 7 |a Radlinský, Andrej Ľudovít,  |d 1817-1879  |2 SNKMA  |9 108485 
600 1 7 |a Stašík, Vojtech,  |d 1915-1978  |2 SNKMA  |9 163568 
650 0 7 |a osobnosti  |2 SNKPH  |9 29820 
655 7 |a reprodukcie výtvarných diel  |2 SNKPH  |9 310790 
655 7 |a portrétne pohľadnice  |2 SNKPH  |9 159873 
655 7 |a pohľadnice umeleckých diel  |2 SNKPH  |9 81593 
958 |a GBN 
958 |a TL 
958 |a GC 
999 |c 683047  |d 684977 
952 |a SNK  |b SNK  |y PREZ  |7 0  |p 17A1286719  |o snkSP 53551  |0 0  |1 0  |4 0  |d 2018-04-06  |f 1  |l 0  |r 2026-02-23 20:03:05  |w 2026-02-23